[Event "Catalunya-chT Honor"]
[Site "Catalunya"]
[Date "2013.04.13"]
[Round "11.10"]
[White "Diaz Lopez, Pedro"]
[Black "Meza Martinez, Alcides Ivan"]
[Result "0-1"]
[WhiteElo "1973"]
[BlackElo "2105"]
[PlyCount "107"]
[EventDate "2013.01.19"]
[EventType "team-tourn"]
[EventRounds "11"]
[EventCountry "ESP"]
[SourceTitle "EXT 2014"]
[Source "ChessBase"]
[SourceDate "2013.11.20"]
[SourceVersion "1"]
[SourceVersionDate "2013.11.20"]
[SourceQuality "1"]
[WhiteTeam "Sant Andreu"]
[BlackTeam "Badalona Sant Josep"]
[WhiteTeamCountry "ESP"]
[BlackTeamCountry "ESP"]

1. g3 e6 2. c4 f5 3. Bg2 Nf6 4. Nc3 d5 5. cxd5 exd5 6. Nf3 c6 7. 0-0 Bd6 8. d3 0-0 9. Rb1 Qe7 10. a3 a5 11. Qa4 Nbd7 12. Bf4 Nc5 13. Bxd6 Qxd6 14. Qc2 Ne6 15. Na4 Ra6 16. Rbc1 f4 17. Nc5 Ra8 18. Nxe6 Bxe6 19. Qc5 Qxc5 20. Rxc5 Nd7 21. Rc2 a4 22. Re1 Bg4 23. h3 Bxf3 24. Bxf3 Ne5 25. Bg2 Rae8 26. Rb1 f3 27. Bxf3 Nxf3+ 28. exf3 Rxf3 29. Rd2 g5 30. b3 axb3 31. Rxb3 Re7 32. Kg2 Rff7 33. Rdb2 Kg7 34. a4 Kf6 35. a5 Ke5 36. Rb4 h5 37. f3 Kd6 38. Kf2 Kc5 39. R2b3 d4 40. Rc4+ Kd5 41. Rbb4 c5 42. Rb5 Rc7 43. Rb6 Rc6 44. Rb5 Re7 45. Rc2 Re3 46. Rd2 Rf6 47. f4 gxf4 48. gxf4 Rxf4+ 49. Kg2 Rff3 50. Rxb7 Rxd3 51. Rxd3 Rxd3 52. a6 Ra3 53. a7 Kc6 54. h4 0-1

[Event "Barcelona Ateneu Colon op 7th"]
[Site "Barcelona"]
[Date "2012.06.05"]
[Round "8"]
[White "Diaz Lopez, Pedro"]
[Black "Costa Trave, Jaume"]
[Result "0-1"]
[WhiteElo "1982"]
[BlackElo "2025"]
[PlyCount "118"]
[EventDate "2012.04.10"]
[EventType "swiss"]
[EventRounds "9"]
[EventCountry "ESP"]
[SourceTitle "CBM 148 Extra"]
[Source "ChessBase"]
[SourceDate "2012.06.22"]
[SourceVersion "1"]
[SourceVersionDate "2012.06.22"]
[SourceQuality "1"]

1. d4 d5 2. c4 c6 3. Nc3 Nf6 4. Nf3 a6 5. e3 Bf5 6. Qb3 Ra7 7. Bd2 e6 8. c5 Nbd7 9. Na4 Ne4 10. Bc3 Be7 11. Be2 0-0 12. 0-0 f6 13. Nh4 Bg6 14. Nxg6 hxg6 15. f3 Ng5 16. e4 f5 17. Bd3 Nf7 18. Nb6 Nxc5 19. dxc5 Bxc5+ 20. Kh1 Qxb6 21. Qc2 Bd6 22. Qd2 Qc7 23. g3 Raa8 24. b4 Rae8 25. Rac1 Be5 26. a4 Bxc3 27. Rxc3 Ne5 28. exd5 exd5 29. Be2 Qd6 30. f4 Nd7 31. b5 axb5 32. axb5 c5 33. Bf3 Nf6 34. Rd3 Re4 35. Bxe4 fxe4 36. Ra3 d4 37. Rd1 Rd8 38. Qa2+ Kh7 39. Qc4 b6 40. Kg1 Qd7 41. Ra6 d3 42. Rxb6 e3 43. Re6 e2 44. Rxd3 Qxd3 45. Qxd3 Rxd3 46. Rxe2 Rb3 47. Rc2 Rxb5 48. h3 Kg8 49. Kf2 Kf7 50. g4 Ke6 51. Kg3 Rb3+ 52. Kh4 Ne4 53. Re2 Kd5 54. f5 gxf5 55. gxf5 c4 56. Kg4 c3 57. Kf4 Rb4 58. Ke3 Rb2 59. Kd3 Rxe2 0-1

[Event "Barcelona Ateneu Colon op 7th"]
[Site "Barcelona"]
[Date "2012.05.29"]
[Round "7"]
[White "Serrano Pertinez, Miquel"]
[Black "Diaz Lopez, Pedro"]
[Result "0-1"]
[WhiteElo "2086"]
[BlackElo "1982"]
[PlyCount "86"]
[EventDate "2012.04.10"]
[EventType "swiss"]
[EventRounds "9"]
[EventCountry "ESP"]
[SourceTitle "CBM 148 Extra"]
[Source "ChessBase"]
[SourceDate "2012.06.22"]
[SourceVersion "1"]
[SourceVersionDate "2012.06.22"]
[SourceQuality "1"]

1. e3 e5 2. b3 Nc6 3. Bb2 Nf6 4. Bb5 d6 5. Bxc6+ bxc6 6. Nf3 Bg4 7. h3 Bh5 8. d3 Be7 9. Nbd2 0-0 10. 0-0 Nd5 11. c4 Nb4 12. Qe2 Bg6 13. Ne1 c5 14. a3 Nc6 15. Qf3 Qd7 16. e4 Rab8 17. Qd1 f5 18. Nc2 f4 19. Ne1 Bf6 20. Nef3 Qf7 21. Qc2 Bh5 22. Rab1 g5 23. Nh2 Qe6 24. Bc3 a5 25. Rb2 g4 26. Qd1 f3 27. hxg4 fxg2 28. Kxg2 Be8 29. Rg1 Bg5 30. Ndf1 Nd4 31. Bxd4 cxd4 32. Ng3 Bf4 33. Nf5 Kh8 34. f3 Rg8 35. b4 Bg6 36. Kh1 axb4 37. axb4 Bxh2 38. Kxh2 Qf6 39. Rg3 Ra8 40. b5 Ra3 41. Qd2 Rga8 42. Rg2 Bxf5 43. exf5 Qh4+ 0-1

[Event "La Pobla de Lillet op 21st"]
[Site "La Pobla de Lillet"]
[Date "2011.08.05"]
[Round "4"]
[White "Diaz Lopez, Pedro"]
[Black "Gonzalez Aguirre, Luis"]
[Result "0-1"]
[WhiteElo "1985"]
[BlackElo "2207"]
[PlyCount "116"]
[EventDate "2011.08.02"]
[EventType "swiss"]
[EventRounds "9"]
[EventCountry "ESP"]
[SourceTitle "EXT 2015"]
[Source "ChessBase"]
[SourceDate "2014.11.20"]
[SourceVersion "1"]
[SourceVersionDate "2014.11.20"]
[SourceQuality "1"]

1. d4 Nf6 2. c4 e6 3. Nc3 Bb4 4. Qc2 d5 5. a3 Bxc3+ 6. Qxc3 0-0 7. Nf3 b6 8. Bg5 dxc4 9. Qxc4 Ba6 10. Bxf6 Qxf6 11. Qxc7 Rc8 12. Qe5 Qg6 13. e4 Nd7 14. Qf4 Bxf1 15. Kxf1 Rc2 16. g3 Nf6 17. Re1 Rxb2 18. Ne5 Qh5 19. h4 Qh6 20. Qf3 Rc8 21. Nxf7 Kxf7 22. e5 Rcc2 23. exf6 Qxf6 24. Qxf6+ Kxf6 25. Kg2 Rxf2+ 26. Kh3 Rbd2 27. Re4 h5 28. a4 g6 29. Re3 Rxd4 30. Rhe1 Rd6 31. Re4 Kf7 32. R1e3 Rdd2 33. g4 Rh2+ 34. Kg3 Rdg2+ 35. Kf3 Rf2+ 36. Kg3 Rhg2+ 37. Kh3 hxg4+ 38. Rxg4 Rh2+ 39. Kg3 Rhg2+ 40. Kh3 Rxg4 41. Kxg4 Rf5 42. Rc3 Kf6 43. Rc7 Ra5 44. Rc4 Rc5 45. Rf4+ Rf5 46. Rc4 Rf1 47. Rc8 Rb1 48. Rc4 a5 49. Rc6 Rb4+ 50. Kg3 Rxa4 51. Rxb6 Kf5 52. Rb5+ e5 53. Rb8 Ra3+ 54. Kg2 a4 55. Rf8+ Kg4 56. Re8 Ra2+ 57. Kf1 a3 58. Rxe5 Rb2 0-1

[Event "Barcelona Ateneu Colon op 6th"]
[Site "Barcelona"]
[Date "2011.05.24"]
[Round "5"]
[White "Brusi Noguera, Ricardo Ll"]
[Black "Diaz Lopez, Pedro"]
[Result "1-0"]
[WhiteElo "2146"]
[BlackElo "1991"]
[PlyCount "57"]
[EventDate "2011.04.26"]
[EventType "swiss"]
[EventRounds "9"]
[EventCountry "ESP"]
[SourceTitle "EXT 2012"]
[Source "ChessBase"]
[SourceDate "2011.11.24"]
[SourceVersion "1"]
[SourceVersionDate "2011.11.24"]
[SourceQuality "1"]

1. d4 Nf6 2. c4 g6 3. Nc3 Bg7 4. e4 d6 5. h3 0-0 6. Nf3 Na6 7. Bg5 e5 8. d5 Qe8 9. g4 Nd7 10. Rg1 Ndc5 11. Nd2 Kh8 12. a3 f5 13. b4 Nxe4 14. Ncxe4 fxe4 15. Nxe4 Bd7 16. Rc1 Qf7 17. Rg3 h6 18. Be3 Qe7 19. Bd3 Rf4 20. Kd2 Raf8 21. Qc2 Rf3 22. Rcg1 Be8 23. Ke2 Qf7 24. h4 c6 25. Nxd6 Rxe3+ 26. fxe3 Qf2+ 27. Kd1 cxd5 28. Qxf2 Rxf2 29. Nxe8 1-0

[Event "La Pobla de Lillet op 15th"]
[Site "La Pobla de Lillet"]
[Date "2005.08.10"]
[Round "9"]
[White "Rodriguez Fontecha, Marcos"]
[Black "Diaz Lopez, Pedro"]
[Result "1-0"]
[WhiteElo "2179"]
[BlackElo "2040"]
[PlyCount "51"]
[EventDate "2005.08.02"]
[EventType "swiss"]
[EventRounds "9"]
[EventCountry "ESP"]
[SourceTitle "CBM 107 Extra"]
[Source "ChessBase"]
[SourceDate "2005.09.01"]
[SourceVersion "1"]
[SourceVersionDate "2005.09.01"]
[SourceQuality "1"]

1. e4 d5 2. Nc3 d4 3. Nce2 e5 4. Nf3 Bd6 5. c3 c5 6. Ng3 Ne7 7. Bc4 0-0 8. d3 Nbc6 9. a4 Bg4 10. 0-0 Qd7 11. Bd2 Kh8 12. h3 Bxf3 13. Qxf3 f5 14. exf5 Nxf5 15. Qg4 Rad8 16. Ne4 h6 17. h4 Nce7 18. Rae1 Ng8 19. Bg5 Be7 20. Nxc5 Bxc5 21. Bxd8 Qxd8 22. Rxe5 Qc8 23. Be6 Qe8 24. Rfe1 Ne3 25. fxe3 dxe3 26. Rxc5 1-0

[Event "La Pobla de Lillet op 15th"]
[Site "La Pobla de Lillet"]
[Date "2005.08.07"]
[Round "6"]
[White "Diaz Lopez, Pedro"]
[Black "Sandu, Mihaela"]
[Result "0-1"]
[WhiteElo "2040"]
[BlackElo "2159"]
[PlyCount "74"]
[EventDate "2005.08.02"]
[EventType "swiss"]
[EventRounds "9"]
[EventCountry "ESP"]
[SourceTitle "CBM 107 Extra"]
[Source "ChessBase"]
[SourceDate "2005.09.01"]
[SourceVersion "1"]
[SourceVersionDate "2005.09.01"]
[SourceQuality "1"]

1. d4 Nf6 2. c4 g6 3. Nc3 Bg7 4. e4 d6 5. Be2 0-0 6. Nf3 e5 7. 0-0 Nc6 8. d5 Ne7 9. b4 Kh8 10. c5 Neg8 11. Nd2 Ne8 12. Nc4 f5 13. f3 Ngf6 14. cxd6 cxd6 15. Be3 f4 16. Bf2 g5 17. Nb5 g4 18. Bxa7 Rxa7 19. Nxa7 Bd7 20. a4 Nxe4 21. fxe4 Qh4 22. Bxg4 Bxg4 23. Qe1 Qg5 24. Ra3 f3 25. g3 Bh6 26. Rf2 Qh5 27. Nb5 Rf6 28. Ne3 Bh3 29. Nf5 Rxf5 30. exf5 Bg4 31. Rc3 Qxf5 32. Nd4 Qf7 33. Qe4 Nf6 34. Ne6 Nxe4 35. Rc8+ Qg8 36. Rxg8+ Kxg8 37. Rc2 f2+ 0-1

[Event "La Pobla de Lillet op 15th"]
[Site "La Pobla de Lillet"]
[Date "2005.08.03"]
[Round "2"]
[White "Diaz Lopez, Pedro"]
[Black "Pascual Genoves, Marc"]
[Result "1/2-1/2"]
[WhiteElo "2040"]
[BlackElo "2246"]
[PlyCount "49"]
[EventDate "2005.08.02"]
[EventType "swiss"]
[EventRounds "9"]
[EventCountry "ESP"]
[SourceTitle "CBM 107 Extra"]
[Source "ChessBase"]
[SourceDate "2005.09.01"]
[SourceVersion "1"]
[SourceVersionDate "2005.09.01"]
[SourceQuality "1"]

1. d4 g6 2. c4 Bg7 3. Nc3 d6 4. e4 Nf6 5. Be2 0-0 6. Bg5 Nbd7 7. Qd2 e5 8. Nf3 c6 9. 0-0 Qc7 10. Rfe1 Re8 11. d5 c5 12. h3 a6 13. a4 h5 14. Bh6 Nh7 15. Bxg7 Kxg7 16. a5 Rb8 17. Ng5 b6 18. Nxh7 Kxh7 19. Qg5 Qd8 20. Qxd8 Rxd8 21. Reb1 bxa5 22. Rxa5 Rb6 23. b3 Bb7 24. Bd1 Rb8 25. Rba1 1/2-1/2

[Event "Catalunya-chT"]
[Site "Spain"]
[Date "2004.??.??"]
[Round "?"]
[White "Diaz Lopez, Pedro"]
[Black "Luna Cortes, Luis"]
[Result "0-1"]
[WhiteElo "2079"]
[BlackElo "2166"]
[PlyCount "70"]
[EventDate "2004.??.??"]
[EventType "team"]
[EventRounds "9"]
[EventCountry "ESP"]
[SourceTitle "EXT 2007"]
[Source "ChessBase"]
[SourceDate "2006.11.23"]
[SourceVersion "1"]
[SourceVersionDate "2006.11.23"]
[SourceQuality "1"]

1. d4 d5 2. c4 e6 3. Nf3 Nf6 4. Nc3 Be7 5. Bg5 h6 6. Bh4 b6 7. e3 Bb7 8. Rc1 0-0 9. Bxf6 Bxf6 10. cxd5 exd5 11. b4 a6 12. Qb3 c6 13. Bd3 Nd7 14. a4 b5 15. a5 Be7 16. 0-0 Nf6 17. e4 Nh5 18. g3 Qd6 19. Na2 dxe4 20. Bxe4 Nf6 21. Rfe1 Nd5 22. Bxd5 cxd5 23. Ne5 Bf6 24. Qd3 Rac8 25. Rc5 Rfe8 26. f4 g6 27. Rec1 Bg7 28. R1c2 Bf8 29. Nc1 Qd8 30. Rxc8 Bxc8 31. Rc6 Bf5 32. Qc3 f6 33. Nf3 Qe7 34. Rxa6 Rc8 35. Qd2 Rc2 0-1

[Event "La Pobla de Lillet op 12th"]
[Site "La Pobla de Lillet"]
[Date "2002.08.07"]
[Round "6"]
[White "Diaz Lopez, Pedro"]
[Black "Ayas Fernandez, Antonio"]
[Result "0-1"]
[WhiteElo "2066"]
[BlackElo "2285"]
[PlyCount "72"]
[EventDate "2002.08.02"]
[EventType "swiss"]
[EventRounds "9"]
[EventCountry "ESP"]
[SourceTitle "CBM 089 Extra"]
[Source "ChessBase"]
[SourceDate "2002.09.10"]
[SourceVersion "2"]
[SourceVersionDate "2002.09.10"]
[SourceQuality "1"]

1. Nf3 c5 2. g3 b6 3. Bg2 Bb7 4. 0-0 Nf6 5. d3 e6 6. e4 d6 7. a4 Be7 8. Nbd2 0-0 9. Re1 Nc6 10. h3 a6 11. Nf1 b5 12. g4 Nd7 13. Ng3 Nd4 14. Bf4 Qb6 15. a5 Qc7 16. c3 Nc6 17. d4 cxd4 18. cxd4 Nxa5 19. d5 e5 20. Bd2 Nc4 21. Nf5 Rfe8 22. Qc1 Nc5 23. Qc3 Rac8 24. b3 Nxd2 25. Nxd2 b4 26. Qe3 Bf8 27. Nc4 Nxb3 28. Ncxd6 Nxa1 29. Nxe8 Rxe8 30. Rxa1 Rc8 31. Bf1 g6 32. Ng3 Bc5 33. Qb3 a5 34. Bc4 Kg7 35. Kg2 Bd4 36. Ra2 Qxc4 0-1

[Event "La Pobla de Lillet op 12th"]
[Site "La Pobla de Lillet"]
[Date "2002.08.03"]
[Round "2"]
[White "Diaz Lopez, Pedro"]
[Black "Pogorelov, Ruslan"]
[Result "0-1"]
[WhiteElo "2066"]
[BlackElo "2453"]
[PlyCount "42"]
[EventDate "2002.08.02"]
[EventType "swiss"]
[EventRounds "9"]
[EventCountry "ESP"]
[SourceTitle "CBM 089 Extra"]
[Source "ChessBase"]
[SourceDate "2002.09.10"]
[SourceVersion "2"]
[SourceVersionDate "2002.09.10"]
[SourceQuality "1"]

1. d4 Nf6 2. c4 e6 3. Nf3 b6 4. a3 Ba6 5. Qc2 Bb7 6. Nc3 c5 7. d5 exd5 8. cxd5 Nxd5 9. Qe4+ Qe7 10. Ne5 Qe6 11. e3 f5 12. Qf3 Qxe5 13. Bc4 Nxc3 14. Qxb7 Qe4 15. Qc8+ Ke7 16. Bd2 Qxc4 17. Bxc3 Qd5 18. Qc7 Qd6 19. Qxd6+ Kxd6 20. 0-0-0+ Ke6 21. Rd2 Nc6 0-1

[Event "Barcelona Sant Marti op 04th"]
[Site "Barcelona"]
[Date "2002.04.20"]
[Round "3.11"]
[White "Diaz Lopez, Pedro"]
[Black "Zapata Rios, Pedro"]
[Result "1/2-1/2"]
[WhiteElo "2155"]
[BlackElo "1960"]
[PlyCount "106"]
[EventDate "2002.04.06"]
[EventType "swiss"]
[EventRounds "9"]
[EventCountry "ESP"]
[SourceTitle "EXT 2003"]
[Source "ChessBase"]
[SourceDate "2002.11.25"]
[SourceVersion "1"]
[SourceVersionDate "2002.11.25"]
[SourceQuality "1"]

1. d4 Nf6 2. c4 d5 3. cxd5 Bf5 4. Nc3 Nxd5 5. f3 Nxc3 6. bxc3 e6 7. Bf4 Be7 8. e4 Bg6 9. Qb3 b6 10. Bb5+ c6 11. Bxb8 cxb5 12. Qxb5+ Qd7 13. Qxd7+ Kxd7 14. Bf4 Rac8 15. Ne2 Rc4 16. a4 Rhc8 17. Kd2 f5 18. e5 a5 19. Rhb1 Kc6 20. Rb2 Kb7 21. Be3 Bd8 22. Nf4 Bf7 23. d5 exd5 24. e6 Bg8 25. Nxd5 R4c6 26. e7 Bc7 27. Rb5 Bxd5 28. Rxd5 Re6 29. Rb1 Rxe7 30. Rxf5 Rd8+ 31. Bd4 g6 32. Rxa5 Bf4+ 33. Kc2 Re2+ 34. Kd3 Re3+ 35. Kc2 Re2+ 36. Kd3 Re3+ 37. Kc4 Rc8+ 38. Kd5 Rd8+ 39. Kc4 Rc8+ 40. Bc5 Rc6 41. Rab5 Bc7 42. a5 Re5 43. Rxb6+ Bxb6 44. Rxb6+ Rxb6 45. axb6 Kc6 46. Bd4 Re2 47. g4 Rxh2 48. Kd3 h5 49. gxh5 gxh5 50. f4 h4 51. f5 h3 52. f6 Ra2 53. f7 Ra8 1/2-1/2

[Event "Barcelona Sant Marti op 04th"]
[Site "Barcelona"]
[Date "2002.04.13"]
[Round "2.7"]
[White "Quintana Ortiz, Joaquin"]
[Black "Diaz Lopez, Pedro"]
[Result "1/2-1/2"]
[WhiteElo "1920"]
[BlackElo "2155"]
[PlyCount "113"]
[EventDate "2002.04.06"]
[EventType "swiss"]
[EventRounds "9"]
[EventCountry "ESP"]
[SourceTitle "EXT 2003"]
[Source "ChessBase"]
[SourceDate "2002.11.25"]
[SourceVersion "1"]
[SourceVersionDate "2002.11.25"]
[SourceQuality "1"]

1. d4 Nf6 2. c4 g6 3. Nc3 Bg7 4. e4 d6 5. Bg5 0-0 6. Bd3 Nbd7 7. Nf3 e5 8. d5 a5 9. 0-0 Nc5 10. Bc2 Bd7 11. Qd2 a4 12. Ne1 Qe8 13. f3 Nh5 14. Nd3 Nxd3 15. Bxd3 f5 16. exf5 gxf5 17. f4 e4 18. Be2 Qg6 19. Bh4 Kh8 20. Bf2 Rg8 21. Bxh5 Qxh5 22. Rae1 Qg6 23. Bd4 Bf6 24. Rf2 Qg7 25. Bxf6 Qxf6 26. Ne2 b5 27. b3 axb3 28. axb3 Rgb8 29. Qd4 Kg7 30. g4 Qxd4 31. Nxd4 fxg4 32. Rxe4 Kf6 33. Kg2 bxc4 34. bxc4 Re8 35. Rfe2 Rxe4 36. Rxe4 Ra2+ 37. Kg3 Ra3+ 38. Kg2 Ra2+ 39. Kg3 h5 40. Ne6 Kf5 41. Re1 Ra3+ 42. Kg2 h4 43. Nxc7 Ra2+ 44. Kg1 Ba4 45. Nb5 Bxb5 46. cxb5 Rb2 47. Re6 Rxb5 48. Rxd6 Ke4 49. Re6+ Kf3 50. Re1 Rxd5 51. Rf1+ Ke4 52. f5 Rxf5 53. Rxf5 Kxf5 54. Kf2 Kf4 55. Kg2 Ke3 56. Kf1 Kf3 57. Kg1 1/2-1/2